The natural choice (Record no. 112374)
[ view plain ]
| 000 -LEADER | |
|---|---|
| fixed length control field | 01349cad a22001935a 4500 |
| 001 - CONTROL NUMBER | |
| control field | L153097 |
| 008 - FIXED-LENGTH DATA ELEMENTS--GENERAL INFORMATION | |
| fixed length control field | 110607s2011 xxk f 000 0 eng d |
| 035 ## - SYSTEM CONTROL NUMBER | |
| System control number | (Sirsi) u153097 |
| 041 0# - LANGUAGE CODE | |
| Language code of text/sound track or separate title | eng |
| 110 2# - MAIN ENTRY--CORPORATE NAME | |
| Corporate name or jurisdiction name as entry element | United Kingdom |
| Subordinate unit | Department for Environment, Food and Rural Affairs |
| 245 04 - TITLE STATEMENT | |
| Title | The natural choice |
| Remainder of title | securing the value of nature |
| Medium | [electronic resource] |
| 260 ## - PUBLICATION, DISTRIBUTION, ETC. | |
| Place of publication, distribution, etc. | London |
| Name of publisher, distributor, etc. | DEFRA |
| Date of publication, distribution, etc. | 2011 |
| 520 ## - SUMMARY, ETC. | |
| Summary, etc. | Natural Environment White Paper outlines the governments' vision for the natural environment for the next 50 years. The paper intends to curb the loss of nature across England and strengthen links between people and the wild. Key measures include new Nature Improvement Areas to transform rural and urban areas and provide bigger connected sites for wildlife to live in and adapt to climate change, Green Areas Designation to allow local communities to give protection to areas that are important to them and an annual statement of green accounts for UK Plc which show where the economy has withdrawn from the value of nature's bank balance and where it has been invested. |
| 590 ## - LOCAL NOTE (RLIN) | |
| Local note | KA NTK |
| 651 #4 - SUBJECT ADDED ENTRY--GEOGRAPHIC NAME | |
| Geographic name | England |
| Chronological subdivision | 886- |
| 690 ## - LOCAL SUBJECT ADDED ENTRY--TOPICAL TERM (OCLC, RLIN) | |
| Topical term or geographic name as entry element | ENVIRONMENT AND LAND CONSULTANCY-SUSTAINABILITY |
| 856 40 - ELECTRONIC LOCATION AND ACCESS | |
| Uniform Resource Identifier | <a href="https://www.official-documents.gov.uk/document/cm80/8082/8082.pdf">https://www.official-documents.gov.uk/document/cm80/8082/8082.pdf</a> |
| Public note | View the item free of charge at archive.defra.gov.uk |
| 942 ## - ADDED ENTRY ELEMENTS (KOHA) | |
| Suppress in OPAC | 0 |
| Withdrawn status | Lost status | Source of classification or shelving scheme | Damaged status | Not for loan | Home library | Current library | Shelving location | Date acquired | Total Checkouts | Full call number | Barcode | Date last seen | Copy number | Price effective from | Koha item type |
|---|---|---|---|---|---|---|---|---|---|---|---|---|---|---|---|
| Dewey Decimal Classification | Virtual | Virtual | Online | 07/06/2011 | ONLINE PUBLICATION | 153097-2001 | 06/08/2019 | 1 | 06/08/2019 | Book |